[Event "Bhilwara op"]
[Site "Bhilwara"]
[Date "2024.12.29"]
[Round "9"]
[White "Manav, Kumar"]
[Black "Akshat, Kumar Lakhara"]
[Result "1-0"]
[WhiteElo "1753"]
[BlackElo "1644"]
[PlyCount "123"]
[EventDate "2024.12.24"]
[EventType "swiss"]
[EventRounds "9"]
[EventCountry "IND"]
[SourceTitle "CB02_2025"]
[SourceDate "2025.01.08"]
[SourceVersion "1"]
[SourceVersionDate "2025.01.08"]
[SourceQuality "1"]

1. e4 c6 2. d4 d5 3. Nd2 dxe4 4. Nxe4 Bf5 5. Ng3 Bg6 6. h4 h6 7. Nf3 Nd7 8. Bd3 Bxd3 9. Qxd3 e6 10. Bf4 Qa5+ 11. Bd2 Qc7 12. 0-0-0 Ngf6 13. Ne4 0-0-0 14. Nxf6 Nxf6 15. Ne5 Bd6 16. Qe2 Rhf8 17. Kb1 Nd7 18. Nc4 Qb8 19. a3 Be7 20. Ba5 Rde8 21. Rh3 g5 22. hxg5 hxg5 23. Rb3 Rh8 24. Bd2 Bd8 25. Qf3 f5 26. a4 g4 27. Qc3 Bc7 28. a5 a6 29. Bg5 Rh5 30. Bc1 Rh2 31. d5 exd5 32. Rxd5 Rh1 33. Rxd7 Ree1 34. Qxe1 Rxe1 35. Rf7 Re8 36. Be3 Rh8 37. Bb6 Bxb6 38. Nxb6+ Kd8 39. Re3 Qd6 40. Rd3 Qxd3 41. cxd3 Rh2 42. Rxf5 Rxg2 43. Nc4 g3 44. fxg3 Rxg3 45. Kc2 Rg7 46. Kc3 Kc7 47. Kd4 Rd7+ 48. Ke4 Re7+ 49. Re5 Rh7 50. d4 Rh4+ 51. Kd3 Rh3+ 52. Re3 Rh7 53. Rf3 Rg7 54. Ne5 Rg1 55. Rf7+ Kc8 56. Nc4 Rd1+ 57. Kc3 Rc1+ 58. Kb3 Rd1 59. Nb6+ Kb8 60. Nd7+ Kc8 61. Nc5 Rxd4 62. Rf8+ 1-0

[Event "Bhilwara op"]
[Site "Bhilwara"]
[Date "2024.12.26"]
[Round "4"]
[White "Parth, Gupta1"]
[Black "Manav, Kumar"]
[Result "1/2-1/2"]
[WhiteElo "1660"]
[BlackElo "1753"]
[PlyCount "113"]
[EventDate "2024.12.24"]
[EventType "swiss"]
[EventRounds "9"]
[EventCountry "IND"]
[SourceTitle "CB02_2025"]
[SourceDate "2025.01.08"]
[SourceVersion "1"]
[SourceVersionDate "2025.01.08"]
[SourceQuality "1"]

1. e4 c5 2. Nf3 d6 3. d4 cxd4 4. Nxd4 Nf6 5. Nc3 a6 6. Be3 e5 7. Nb3 Be6 8. f3 Be7 9. Qd2 0-0 10. Be2 b5 11. a4 b4 12. Nd5 Bxd5 13. exd5 Nbd7 14. a5 Nc5 15. Bc4 Rb8 16. 0-0 Qc8 17. Bxc5 dxc5 18. Qe2 Qf5 19. Bxa6 Nxd5 20. Qe4 Qxe4 21. fxe4 Ne3 22. Rf3 Nxc2 23. Rc1 Nd4 24. Nxd4 exd4 25. Bc4 Bf6 26. a6 d3 27. Rxd3 Bxb2 28. Rc2 Bd4+ 29. Kf1 Ra8 30. Ra2 Ra7 31. Bd5 Rc8 32. Ke2 Kf8 33. Kd2 Ke7 34. Rf3 f6 35. Kd3 Rb8 36. Kc2 Rb6 37. Bc4 g6 38. g4 Kd6 39. g5 Ke5 40. gxf6 Rxf6 41. Rxf6 Kxf6 42. Bd5 Ke5 43. Kb3 g5 44. Kc4 h5 45. Bb7 g4 46. Re2 h4 47. Rg2 Kf4 48. e5 Bxe5 49. Bc8 g3 50. hxg3+ hxg3 51. Bb7 Bd4 52. Re2 Bf2 53. Re4+ Kf5 54. Re2 Kg4 55. Re7 Kg5 56. Re8 Kf4 57. Ra8 1/2-1/2